| 000 | 01251cam a22003254a 4500 | ||
|---|---|---|---|
| 999 |
_c10627 _d10627 |
||
| 001 | 12345454 | ||
| 003 | OSt | ||
| 005 | 20191227115518.0 | ||
| 008 | 010313s2002 nyua b 001 0 eng | ||
| 010 | _a 2001030662 | ||
| 020 | _a0072429216 (alk. paper) | ||
| 040 |
_aDLC _coclc _dDLC |
||
| 042 | _apcc | ||
| 050 | 0 | 0 |
_aHC79.E5 _bF47 2002 |
| 082 | 0 | 0 |
_a333.7 _221 _bFIE/E |
| 100 |
_aField, Barry C _9812 |
||
| 245 | 1 | 0 |
_aEnvironmental Economics : _bAn Introduction / _cBarry C. Field ; Martha K. Field |
| 250 | _a3rd ed. | ||
| 260 |
_aNew York, N.Y. : _bMcGraw-Hill/Irwin, _c2002. |
||
| 300 | _a510 p | ||
| 504 | _aIncludes bibliographical references and indexes. | ||
| 650 | 0 | _aEnvironmental economics. | |
| 650 | 0 |
_aEconomic development _xEnvironmental aspects. |
|
| 700 | 1 |
_aField, Martha K. _9837 |
|
| 856 | 4 | 2 |
_3Publisher description _uhttp://www.loc.gov/catdir/description/mh021/2001030662.html |
| 856 | 4 | 1 |
_3Table of contents _uhttp://www.loc.gov/catdir/toc/mh021/2001030662.html |
| 906 |
_a7 _bcbc _corignew _d1 _eocip _f20 _gy-gencatlg |
||
| 942 |
_2ddc _cBK _h333.7 _iFIE/E _k333.7 _mFIE/E |
||